[Event "4th GRENKE Open 2019"]
[Site "Karlsruhe"]
[Date "2019.04.22"]
[Round "8.93"]
[White "Jahncke, Giso"]
[Black "Humburg, Philipp"]
[Result "1-0"]
[WhiteElo "2357"]
[BlackElo "2244"]
[Annotator "TA"]
[PlyCount "87"]
[EventDate "2019.04.18"]
[EventType "swiss"]
[EventCountry "GER"]
[SourceTitle "playchess.com"]
[Source "ChessBase"]
[SourceQuality "1"]

1. d4 d5 2. Nf3 Nf6 3. c4 e6 4. g3 Be7 5. Bg2 O-O 6. Nc3 Nbd7 7. Qb3 dxc4 8. Qxc4 a6 9. Qd3 c5 10. O-O cxd4 11. Qxd4 Bc5 12. Qh4 Qe7 13. e4 e5 14. Bg5 Nb6 15. Rac1 Bd7 16. Rfd1 Rac8 17. Bh3 Bxh3 18. Qxh3 h6 19. Bxf6 Qxf6 20. Kg2 Rc6 21. Qf5 Qxf5 22. exf5 f6 23. Ne4 Rfc8 24. b3 Be7 25. Rxc6 Rxc6 26. Nh4 Kf7 27. Ng6 Ke8 28. f4 exf4 29. Nxf4 Rc2+ 30. Rd2 Rxd2+ 31. Nxd2 Kf7 32. Kf3 Nd7 33. Ke4 b5 34. Kd5 Ne5 35. h3 Ba3 36. Ne4 Ke7 37. g4 Bb4 38. Ng6+ Nxg6 39. fxg6 Ba3 40. Ng3 Kd7 41. Nf5 Bf8 42. Nd4 b4 43. Ne6 Ke7 44. Nc5 1-0

[Event "4th GRENKE Open 2019"]
[Site "Karlsruhe"]
[Date "2019.04.22"]
[Round "8.94"]
[White "Sahin, Ozgun"]
[Black "Vuilleumier, Alexandre"]
[Result "1-0"]
[WhiteElo "2220"]
[BlackElo "2354"]
[Annotator "NA"]
[PlyCount "115"]
[EventDate "2019.04.18"]
[EventType "swiss"]
[EventCountry "GER"]
[SourceTitle "playchess.com"]
[Source "ChessBase"]
[SourceQuality "1"]

1. e4 e5 2. Nf3 Nc6 3. Bc4 Be7 4. d4 d6 5. dxe5 dxe5 6. Qxd8+ Bxd8 7. Nc3 Be6 8. Bb5 f6 9. Be3 Kf7 10. O-O-O Nce7 11. Bd7 Nh6 12. h3 Nc8 13. Bxe6+ Kxe6 14. Bxh6 gxh6 15. g4 c6 16. Nh4 Bb6 17. Rhf1 Nd6 18. Nf5 Nxf5 19. exf5+ Ke7 20. Ne4 Rad8 21. Rxd8 Rxd8 22. Rd1 Rd5 23. b4 a6 24. c4 Rd4 25. Rxd4 Bxd4 26. c5 b6 27. cxb6 Bxb6 28. Kc2 a5 29. bxa5 Bxa5 30. Kd3 Bd8 31. Kc4 Kd7 32. Nc5+ Kc8 33. Ne4 Be7 34. h4 Kd7 35. a4 Bd8 36. a5 Bxa5 37. Nxf6+ Ke7 38. g5 Bb6 39. f3 Bf2 40. Ng8+ Kf8 41. Nxh6 Bxh4 42. g6 Kg7 43. gxh7 Kxh7 44. Ng4 Kg7 45. Kc5 Kf7 46. Kxc6 Be1 47. Kd5 Bc3 48. Ke4 Bb2 49. Nxe5+ Kf6 50. Nd3 Bc3 51. Kf4 Kf7 52. Kg5 Bf6+ 53. Kh5 Bd4 54. f4 Kf6 55. Kg4 Bc3 56. Nc5 Bb2 57. Ne4+ Kf7 58. Kg5 1-0

[Event "4th GRENKE Open 2019"]
[Site "Karlsruhe"]
[Date "2019.04.22"]
[Round "8.95"]
[White "Kulon, Klaudia"]
[Black "Nebolsina, Vera"]
[Result "1/2-1/2"]
[WhiteElo "2351"]
[BlackElo "2242"]
[Annotator "NA"]
[PlyCount "73"]
[EventDate "2019.04.18"]
[EventType "swiss"]
[EventCountry "GER"]
[SourceTitle "playchess.com"]
[Source "ChessBase"]
[SourceQuality "1"]

1. c4 e5 2. Nc3 Nc6 3. Nf3 Nf6 4. g3 Bb4 5. Bg2 Bxc3 6. bxc3 d6 7. d3 h6 8. O-O O-O 9. e4 Bg4 10. h3 Be6 11. Nh4 Qd7 12. Kh2 g5 13. Nf3 Nh7 14. Qe2 f6 15. d4 Na5 16. Nd2 Qa4 17. d5 Bf7 18. Qd3 b6 19. f4 Rae8 20. Bf3 Re7 21. Bd1 Qe8 22. fxe5 fxe5 23. c5 dxc5 24. c4 Nb7 25. Bb2 Nd6 26. Bg4 Qd8 27. Rf2 Bg6 28. Raf1 Rxf2+ 29. Rxf2 Nf8 30. Rf6 Rf7 31. Rxf7 Nxf7 32. Qf3 Qe7 33. Bf5 Nd6 34. g4 Bh7 35. Qg3 Bxf5 36. gxf5 Nd7 37. Kg2 1/2-1/2

[Event "4th GRENKE Open 2019"]
[Site "Karlsruhe"]
[Date "2019.04.22"]
[Round "8.96"]
[White "Arman, Deniz"]
[Black "Szamoskozi, Gabor"]
[Result "1-0"]
[WhiteElo "2346"]
[BlackElo "2242"]
[Annotator "NA"]
[PlyCount "67"]
[EventDate "2019.04.18"]
[EventType "swiss"]
[EventCountry "GER"]
[SourceTitle "playchess.com"]
[Source "ChessBase"]
[SourceQuality "1"]

1. e4 c5 2. Nf3 Nc6 3. d4 cxd4 4. Nxd4 Nf6 5. Nc3 e5 6. Ndb5 d6 7. Bg5 a6 8. Na3 b5 9. Bxf6 gxf6 10. Nd5 f5 11. c3 Bg7 12. Bd3 Be6 13. Nxb5 axb5 14. Bxb5 Bd7 15. exf5 O-O 16. a4 e4 17. O-O Ne5 18. f6 Bxf6 19. Nxf6+ Qxf6 20. Bxd7 Kh8 21. Bb5 Rg8 22. Be2 Rg6 23. g3 Rag8 24. Qd4 Qf5 25. Qe3 d5 26. Kg2 f6 27. Rad1 Nf7 28. h4 Nd8 29. h5 Rg5 30. Rh1 Ne6 31. Rh4 Qe5 32. Kf1 Rxg3 33. fxg3 Rxg3 34. Rxd5 1-0

[Event "4th GRENKE Open 2019"]
[Site "Karlsruhe"]
[Date "2019.04.22"]
[Round "8.97"]
[White "Chernov, Vadim"]
[Black "Hoerstmann, Martin"]
[Result "1-0"]
[WhiteElo "2345"]
[BlackElo "2240"]
[Annotator "NA"]
[PlyCount "85"]
[EventDate "2019.04.18"]
[EventType "swiss"]
[EventCountry "GER"]
[SourceTitle "playchess.com"]
[Source "ChessBase"]
[SourceQuality "1"]

1. e4 g6 2. d4 Bg7 3. Nc3 d6 4. f4 a6 5. Nf3 b5 6. Bd3 Nd7 7. a4 b4 8. Ne2 c5 9. c3 Bb7 10. O-O cxd4 11. cxd4 a5 12. e5 Nh6 13. h3 O-O 14. g4 Bd5 15. Be3 Qb6 16. Qd2 Qb7 17. Nh4 f5 18. gxf5 Nxf5 19. Nxf5 gxf5 20. Kh2 e6 21. Rg1 Kh8 22. Ng3 Rg8 23. Nh5 Bh6 24. Qf2 Rxg1 25. Rxg1 Rg8 26. Rxg8+ Kxg8 27. Bb5 Bc6 28. Bc4 Bd5 29. Bf1 Bf8 30. Qh4 Qc7 31. Bd3 h6 32. Qf2 Qb7 33. Qg1+ Kh7 34. Qc1 Bf3 35. Ng3 Bc6 36. Qc2 Kh8 37. b3 Be7 38. Bc4 Bd5 39. Bxd5 Qxd5 40. Qc8+ Nf8 41. Qe8 Bh4 42. Qxf8+ Kh7 43. Nh5 1-0

[Event "4th GRENKE Open 2019"]
[Site "Karlsruhe"]
[Date "2019.04.22"]
[Round "8.98"]
[White "Vasli, Aref"]
[Black "Suvorov, Luca"]
[Result "0-1"]
[WhiteElo "2345"]
[BlackElo "2236"]
[Annotator "NA"]
[PlyCount "82"]
[EventDate "2019.04.18"]
[EventType "swiss"]
[EventCountry "GER"]
[SourceTitle "playchess.com"]
[Source "ChessBase"]
[SourceQuality "1"]

1. Nf3 Nf6 2. g3 e6 3. Bg2 d5 4. O-O c5 5. c4 d4 6. e3 Nc6 7. d3 Be7 8. exd4 cxd4 9. Re1 O-O 10. Na3 Nd7 11. Nc2 a5 12. b3 e5 13. Rb1 Bb4 14. Bd2 f6 15. a3 Bxd2 16. Qxd2 Nc5 17. b4 Na4 18. b5 Ne7 19. Rbc1 Ra7 20. c5 Nxc5 21. b6 Qxb6 22. Ncxd4 exd4 23. Rxe7 Qd6 24. Ree1 Nb3 25. Qa2 Be6 26. Rb1 a4 27. Qe2 Bf7 28. Nh4 g6 29. Qe7 Qa6 30. Qd7 b5 31. Qg4 Kh8 32. Nf3 Qd6 33. Qh4 b4 34. axb4 a3 35. Rxb3 Bxb3 36. Nxd4 Qxb4 37. Ra1 a2 38. Qh6 Rg7 39. Nxb3 Qxb3 40. Qc1 Rb8 41. Qf4 Rb6 0-1

[Event "4th GRENKE Open 2019"]
[Site "Karlsruhe"]
[Date "2019.04.22"]
[Round "8.99"]
[White "Everett, Elijah"]
[Black "Pajeken, Jakob Leon"]
[Result "0-1"]
[WhiteElo "2210"]
[BlackElo "2342"]
[Annotator "NA"]
[PlyCount "110"]
[EventDate "2019.04.18"]
[EventType "swiss"]
[EventCountry "GER"]
[SourceTitle "playchess.com"]
[Source "ChessBase"]
[SourceQuality "1"]

1. e4 e5 2. Nf3 Nc6 3. Bb5 a6 4. Ba4 Nf6 5. O-O Be7 6. Re1 b5 7. Bb3 d6 8. c3 O-O 9. h3 Nb8 10. d4 Nbd7 11. Nbd2 Bb7 12. Bc2 c5 13. d5 c4 14. Nf1 Qc7 15. Ng3 g6 16. Bg5 Rfb8 17. a4 Bc8 18. axb5 axb5 19. Qd2 Nc5 20. Qe3 Bd8 21. Rec1 Nfd7 22. Bh6 Nb6 23. Nd2 Qe7 24. Kh2 f6 25. h4 Bd7 26. f4 Nba4 27. Rab1 exf4 28. Qxf4 b4 29. cxb4 Rxb4 30. Ra1 Rab8 31. Bxa4 Nd3 32. Qf1 Bxa4 33. Rxc4 Ne5 34. Rxa4 Rxa4 35. Rxa4 Ng4+ 36. Kh1 Nxh6 37. Qf4 g5 38. hxg5 fxg5 39. Qe3 Bb6 40. Qb3 g4 41. Ndf1 Qh4+ 42. Nh2 Ba7 43. Qc3 Bf2 44. Nf5 Nxf5 45. exf5 h5 46. f6 Re8 47. g3 Bxg3 48. f7+ Kxf7 49. Ra7+ Re7 50. Rxe7+ Kxe7 51. Qg7+ Kd8 52. Qg8+ Kc7 53. Qg7+ Kb8 54. Qh8+ Kb7 55. Qg7+ Ka6 0-1

[Event "4th GRENKE Open 2019"]
[Site "Karlsruhe"]
[Date "2019.04.22"]
[Round "8.100"]
[White "De Boer, Eelke"]
[Black "Kraemer, Enrico"]
[Result "1-0"]
[WhiteElo "2338"]
[BlackElo "2200"]
[Annotator "NA"]
[PlyCount "85"]
[EventDate "2019.04.18"]
[EventType "swiss"]
[EventCountry "GER"]
[SourceTitle "playchess.com"]
[Source "ChessBase"]
[SourceQuality "1"]

1. e4 e5 2. Nf3 Nc6 3. Bb5 a6 4. Ba4 Nf6 5. O-O Be7 6. d3 b5 7. Bb3 d6 8. a3 Na5 9. Ba2 c5 10. Nc3 Be6 11. Bg5 O-O 12. Bxf6 Bxf6 13. Nd5 Nc6 14. c3 g6 15. Qd2 Bg7 16. Ng5 h6 17. Nxe6 fxe6 18. a4 Kh7 19. Ne3 Qd7 20. axb5 axb5 21. Qe2 h5 22. g3 Bh6 23. Bb3 Na5 24. Bc2 Nc6 25. Kh1 Kg7 26. Rxa8 Rxa8 27. f4 Rf8 28. Ng2 d5 29. d4 cxd4 30. Qxb5 dxc3 31. bxc3 exf4 32. gxf4 Ne5 33. Qe2 Nc4 34. exd5 exd5 35. f5 gxf5 36. Nh4 Ne3 37. Rg1+ Ng4 38. h3 Re8 39. Qf3 Be3 40. Nxf5+ Kh8 41. Nxe3 Nf2+ 42. Kg2 Qxh3+ 43. Kxf2 1-0

[Event "4th GRENKE Open 2019"]
[Site "Karlsruhe"]
[Date "2019.04.22"]
[Round "8.101"]
[White "Goluch, Piotr"]
[Black "Zolfagharian, Kevin"]
[Result "1-0"]
[WhiteElo "2337"]
[BlackElo "2192"]
[Annotator "NA"]
[PlyCount "75"]
[EventDate "2019.04.18"]
[EventType "swiss"]
[EventCountry "GER"]
[SourceTitle "playchess.com"]
[Source "ChessBase"]
[SourceQuality "1"]

1. d4 Nf6 2. c4 g6 3. g3 Bg7 4. Bg2 d5 5. cxd5 Nxd5 6. Nf3 O-O 7. O-O Nc6 8. Nc3 Nb6 9. e3 Re8 10. Re1 e5 11. d5 Na5 12. e4 c6 13. Bg5 Qd6 14. Rc1 h6 15. Be3 Qb4 16. b3 cxd5 17. Bxb6 axb6 18. Nxd5 Qa3 19. Nc7 Bg4 20. Nxe8 Rxe8 21. Qd5 Nc6 22. Qb5 Re6 23. Qxb6 Bxf3 24. Bxf3 Nd4 25. Qd8+ Kh7 26. Kg2 Qb2 27. Rc8 h5 28. Re3 Ra6 29. a4 b5 30. Qg8+ Kh6 31. Rc7 Rf6 32. Rxf7 Rxf7 33. Qxf7 Nc2 34. Re2 bxa4 35. bxa4 Qc3 36. a5 Nd4 37. Ra2 g5 38. Qxh5# 1-0

[Event "4th GRENKE Open 2019"]
[Site "Karlsruhe"]
[Date "2019.04.22"]
[Round "8.102"]
[White "Sbarra, Marco"]
[Black "Abel, Thomas"]
[Result "1/2-1/2"]
[WhiteElo "2180"]
[BlackElo "2336"]
[Annotator "NA"]
[PlyCount "84"]
[EventDate "2019.04.18"]
[EventType "swiss"]
[EventCountry "GER"]
[SourceTitle "playchess.com"]
[Source "ChessBase"]
[SourceQuality "1"]

1. d4 d5 2. c4 c6 3. Nf3 Nf6 4. e3 Bg4 5. Qb3 Qb6 6. Ne5 Bf5 7. Nc3 e6 8. Bd2 Nbd7 9. Nxd7 Nxd7 10. Be2 Bd6 11. c5 Qxb3 12. axb3 Be7 13. b4 e5 14. b5 Bf6 15. Ra4 O-O 16. O-O Bc2 17. Rb4 Rfe8 18. Rc1 Bf5 19. Bf3 Nf8 20. dxe5 Bxe5 21. Ne2 Ne6 22. Nd4 Nxd4 23. exd4 Bf6 24. Be3 Bd3 25. bxc6 bxc6 26. h3 Rab8 27. Ra4 a6 28. Rc3 Bb5 29. Ra1 g5 30. Rca3 Kg7 31. g4 Re7 32. Bg2 Reb7 33. Bf1 Bxf1 34. Kxf1 Rxb2 35. Rxa6 R2b4 36. R1a4 Rxa4 37. Rxa4 Kg6 38. Ra6 Rc8 39. Ke2 h5 40. Kd3 hxg4 41. hxg4 Bd8 42. f3 f5 1/2-1/2

[Event "4th GRENKE Open 2019"]
[Site "Karlsruhe"]
[Date "2019.04.22"]
[Round "8.103"]
[White "Kulkarni, Rakesh"]
[Black "Nagel, Bernhard"]
[Result "1-0"]
[WhiteElo "2334"]
[BlackElo "2178"]
[Annotator "NA"]
[PlyCount "81"]
[EventDate "2019.04.18"]
[EventType "swiss"]
[EventCountry "GER"]
[SourceTitle "playchess.com"]
[Source "ChessBase"]
[SourceQuality "1"]

1. e4 e5 2. d4 exd4 3. Qxd4 Nc6 4. Qe3 g6 5. Nc3 Bg7 6. Bd2 Nf6 7. O-O-O O-O 8. Bc4 a6 9. f3 b5 10. Bb3 Rb8 11. Nge2 d6 12. Nf4 a5 13. a4 bxa4 14. Nxa4 Bd7 15. g4 Nb4 16. Nc3 Bc6 17. h4 Nd7 18. h5 g5 19. Nfd5 Bxd5 20. Bxd5 Nxd5 21. exd5 h6 22. f4 Re8 23. Qf3 gxf4 24. Qxf4 Rb4 25. Qg3 Ne5 26. g5 Rg4 27. Qf2 hxg5 28. h6 Bf6 29. Rde1 Be7 30. Ne4 Rf8 31. Qf5 Kh8 32. Nc5 Rc4 33. Rxe5 dxe5 34. Nd7 f6 35. Rf1 Rd4 36. Nxf8 Qxf8 37. Qe6 Qd8 38. Bxg5 Rxd5 39. Qf7 Qg8 40. Bxf6+ Bxf6 41. Qxf6+ 1-0

[Event "4th GRENKE Open 2019"]
[Site "Karlsruhe"]
[Date "2019.04.22"]
[Round "8.104"]
[White "Burcu, Cagatay"]
[Black "Chigaeva, Anastasia"]
[Result "1-0"]
[WhiteElo "2329"]
[BlackElo "2158"]
[Annotator "NA"]
[PlyCount "85"]
[EventDate "2019.04.18"]
[EventType "swiss"]
[EventCountry "GER"]
[SourceTitle "playchess.com"]
[Source "ChessBase"]
[SourceQuality "1"]

1. d4 d5 2. Nf3 Nf6 3. Bf4 c5 4. e3 e6 5. c3 Nc6 6. Nbd2 Be7 7. h3 Bd6 8. dxc5 Bxc5 9. Bd3 Bd6 10. Bxd6 Qxd6 11. O-O O-O 12. e4 Rd8 13. exd5 Qxd5 14. Bc2 Bd7 15. Qe2 Rac8 16. Rfd1 Qh5 17. a4 Ne7 18. Ne4 Nxe4 19. Bxe4 Bc6 20. Bxc6 Nxc6 21. Rxd8+ Rxd8 22. Qb5 Qd5 23. Qxb7 Rb8 24. Qc7 h6 25. Nd4 Rb6 26. Nxc6 Qxc6 27. Qxc6 Rxc6 28. Kf1 Kf8 29. Ke2 Ke7 30. Kd3 e5 31. Re1 Kd6 32. b4 f5 33. c4 g5 34. Kc3 Rc8 35. b5 e4 36. Rd1+ Ke6 37. a5 Rb8 38. Kb4 f4 39. c5 Ke5 40. c6 e3 41. c7 Re8 42. fxe3 fxe3 43. Rd8 1-0

[Event "4th GRENKE Open 2019"]
[Site "Karlsruhe"]
[Date "2019.04.22"]
[Round "8.105"]
[White "Gulatz, Maurice"]
[Black "Loos, Roland"]
[Result "1/2-1/2"]
[WhiteElo "2160"]
[BlackElo "2328"]
[Annotator "NA"]
[PlyCount "44"]
[EventDate "2019.04.18"]
[EventType "swiss"]
[EventCountry "GER"]
[SourceTitle "playchess.com"]
[Source "ChessBase"]
[SourceQuality "1"]

1. Nf3 d5 2. d4 Nf6 3. c4 c6 4. cxd5 cxd5 5. Nc3 Nc6 6. Bf4 Bf5 7. e3 e6 8. Bd3 Bxd3 9. Qxd3 Be7 10. O-O O-O 11. h3 Rc8 12. Rfc1 a6 13. a3 Na5 14. Na4 Nc4 15. b4 Ne4 16. Nc5 Nxc5 17. bxc5 b6 18. cxb6 Qxb6 19. Ne5 Qb5 20. Rcb1 Qa4 21. Qb3 Qxb3 22. Rxb3 Bd6 1/2-1/2

[Event "4th GRENKE Open 2019"]
[Site "Karlsruhe"]
[Date "2019.04.22"]
[Round "8.106"]
[White "Yi, Danny"]
[Black "Obolentseva, Alexandra"]
[Result "0-1"]
[WhiteElo "2105"]
[BlackElo "2326"]
[Annotator "NA"]
[PlyCount "88"]
[EventDate "2019.04.18"]
[EventType "swiss"]
[EventCountry "GER"]
[SourceTitle "playchess.com"]
[Source "ChessBase"]
[SourceQuality "1"]

1. e4 c5 2. Nf3 d6 3. d4 cxd4 4. Nxd4 Nf6 5. Nc3 a6 6. f4 Qc7 7. Bd3 g6 8. Nf3 Bg7 9. O-O O-O 10. Qe1 Nc6 11. Kh1 b5 12. a3 Bg4 13. Qh4 Qd7 14. Bd2 b4 15. Nd5 Bxf3 16. Rxf3 bxa3 17. Rxa3 Nxd5 18. exd5 Nd4 19. Rf1 Nf5 20. Qh3 Bxb2 21. Rxa6 Rxa6 22. Bxa6 Qa4 23. Bd3 Qd4 24. Qf3 Ra8 25. g4 Nh4 26. Qe4 Qxe4+ 27. Bxe4 f5 28. gxf5 Ra4 29. Bd3 Nxf5 30. Rb1 Bd4 31. Kg2 Bf6 32. Kf3 Kf7 33. Be3 Ra3 34. Bc1 Nd4+ 35. Kf2 Ra2 36. Bb2 Nxc2 37. Bxc2 Bxb2 38. Kg3 Bd4 39. Be4 Bf2+ 40. Kf3 Bh4 41. h3 Ra3+ 42. Kg4 Bf2 43. f5 Rg3+ 44. Kf4 g5# 0-1

[Event "4th GRENKE Open 2019"]
[Site "Karlsruhe"]
[Date "2019.04.22"]
[Round "8.107"]
[White "Nguyen, Alex Dac-Vuong"]
[Black "Hilverda, Alexander"]
[Result "1-0"]
[WhiteElo "2112"]
[BlackElo "2326"]
[Annotator "ChessBase"]
[PlyCount "111"]
[EventDate "2019.04.18"]
[EventType "swiss"]
[EventCountry "GER"]
[SourceTitle "playchess.com"]
[Source "ChessBase"]
[SourceQuality "1"]

1. e4 c5 2. Nf3 e6 3. d4 cxd4 4. Nxd4 Nc6 5. Nb5 d6 6. c4 a6 7. N5a3 Nf6 8. Nc3 b6 9. Be2 Bb7 10. Be3 Ne5 11. f3 Be7 12. O-O O-O 13. Qb3 Ned7 14. Rfd1 Qc7 15. Rac1 Rac8 16. Bf1 Rfe8 17. Kh1 h5 18. Qc2 d5 19. cxd5 Bxa3 20. dxe6 Rxe6 21. bxa3 Nd5 22. Bd2 Nxc3 23. Qxc3 Rc6 24. Qe3 Nc5 25. Qf4 Qxf4 26. Bxf4 Ne6 27. Be3 b5 28. Rxc6 Rxc6 29. Rc1 Rxc1 30. Bxc1 Nc5 31. Be3 Na4 32. Bd4 Bc8 33. Bd3 Be6 34. Bb1 Kf8 35. Kg1 g6 36. Kf2 Bc4 37. h4 Ke7 38. g4 Kd6 39. gxh5 gxh5 40. Ke3 Nc5 41. f4 Nd7 42. e5+ Ke7 43. f5 Nb8 44. Bc3 Nc6 45. Be4 Kd7 46. Kf4 a5 47. Kg5 Bxa2 48. Kxh5 b4 49. axb4 axb4 50. Bxc6+ Kxc6 51. Bxb4 Kd5 52. e6 Kc6 53. e7 Kd7 54. Kh6 Bb1 55. Kg7 Ke8 56. Kf6 1-0

[Event "4th GRENKE Open 2019"]
[Site "Karlsruhe"]
[Date "2019.04.22"]
[Round "8.108"]
[White "Napoli, Nicolo"]
[Black "Tschlatscher, Thomas"]
[Result "1-0"]
[WhiteElo "2323"]
[BlackElo "2152"]
[Annotator "NA"]
[PlyCount "75"]
[EventDate "2019.04.18"]
[EventType "swiss"]
[EventCountry "GER"]
[SourceTitle "playchess.com"]
[Source "ChessBase"]
[SourceQuality "1"]

1. d4 Nf6 2. Nf3 d5 3. Bg5 e6 4. Nbd2 Be7 5. c3 O-O 6. Bxf6 Bxf6 7. e4 dxe4 8. Nxe4 b6 9. Bd3 Bb7 10. h4 Nd7 11. Qc2 g6 12. h5 Bg7 13. hxg6 hxg6 14. O-O-O Qe7 15. Neg5 Bxf3 16. Nxf3 c5 17. Kb1 Rfd8 18. Rh4 cxd4 19. cxd4 Rac8 20. Qe2 Nf8 21. Rdh1 Rd6 22. Ne5 Rcd8 23. Qe3 Nd7 24. Bxg6 fxg6 25. Rh8+ Bxh8 26. Rxh8+ Kxh8 27. Nxg6+ Kg7 28. Nxe7 Nf8 29. d5 R8d7 30. a3 Kf7 31. Nc6 Ke8 32. Nd4 Rxd5 33. Nxe6 Nxe6 34. Qxe6+ Kd8 35. g4 Rd1+ 36. Ka2 Re7 37. Qc6 Rf1 38. Qa8+ 1-0

[Event "4th GRENKE Open 2019"]
[Site "Karlsruhe"]
[Date "2019.04.22"]
[Round "8.109"]
[White "Suvorov, Alexander"]
[Black "Siddharth, Jagadeesh"]
[Result "1/2-1/2"]
[WhiteElo "2323"]
[BlackElo "2132"]
[Annotator "NA"]
[PlyCount "91"]
[EventDate "2019.04.18"]
[EventType "swiss"]
[EventCountry "GER"]
[SourceTitle "playchess.com"]
[Source "ChessBase"]
[SourceQuality "1"]

1. d4 Nf6 2. c4 e6 3. Nc3 d5 4. cxd5 exd5 5. Bg5 Be7 6. e3 Nbd7 7. Bd3 c6 8. Qc2 Nh5 9. Bxe7 Qxe7 10. O-O-O g6 11. g4 Ng7 12. h3 Nb6 13. Nge2 Be6 14. Ng3 O-O-O 15. Kb1 h5 16. f3 Kb8 17. Qf2 Qf6 18. Nge2 Ka8 19. Qg3 Qg5 20. Qf4 Qe7 21. e4 dxe4 22. fxe4 Qh4 23. d5 cxd5 24. Nb5 a6 25. Nc7+ Ka7 26. Nxa6 dxe4 27. Bxe4 Qe7 28. Nc7 Qb4 29. Nc3 Bc4 30. Qe5 Ne6 31. a3 Qc5 32. N3b5+ Bxb5 33. Nxb5+ Ka6 34. Qxc5 Nxc5 35. Nc7+ Ka7 36. Nb5+ Kb8 37. Rxd8+ Rxd8 38. Bc2 Nc4 39. gxh5 gxh5 40. Rg1 Ne6 41. h4 Ne3 42. Bb3 Nd4 43. Nxd4 Rxd4 44. Bxf7 Rxh4 45. Re1 Nf5 46. Bd5 1/2-1/2

[Event "4th GRENKE Open 2019"]
[Site "Karlsruhe"]
[Date "2019.04.22"]
[Round "8.110"]
[White "Koellner, Ruben Gideon"]
[Black "Haerig, Wilfried"]
[Result "1-0"]
[WhiteElo "2318"]
[BlackElo "2127"]
[Annotator "NA"]
[PlyCount "83"]
[EventDate "2019.04.18"]
[EventType "swiss"]
[EventCountry "GER"]
[SourceTitle "playchess.com"]
[Source "ChessBase"]
[SourceQuality "1"]

1. d4 Nf6 2. Bg5 Ne4 3. Bf4 d5 4. e3 c5 5. Bd3 cxd4 6. exd4 Qb6 7. Bxe4 dxe4 8. Nc3 Nc6 9. d5 e5 10. Be3 Qxb2 11. Nge2 Nb4 12. O-O Qxc2 13. d6 Bg4 14. Rb1 Qxd1 15. Rfxd1 Nxa2 16. Rd2 Nxc3 17. Nxc3 b6 18. Nb5 Kd7 19. h3 Be6 20. Ra1 a5 21. Rc1 Rc8 22. Rdc2 Rb8 23. Rc7+ Kd8 24. R7c6 Bd7 25. Bxb6+ Rxb6 26. Rxb6 Bxb5 27. Rc7 Bxd6 28. Rxf7 Ke8 29. Ra7 Rf8 30. Rxd6 Rf6 31. Rd5 Bc6 32. Rxe5+ Kf8 33. Rexa5 h6 34. Rc7 Re6 35. Ra6 Bd5 36. Rxe6 Bxe6 37. Kf1 Kg8 38. Ke2 Kh7 39. Ke3 Bd5 40. Kd4 Ba8 41. g4 Kg6 42. Ra7 1-0

[Event "4th GRENKE Open 2019"]
[Site "Karlsruhe"]
[Date "2019.04.22"]
[Round "8.111"]
[White "Mesaros, Florian"]
[Black "Tiarks, Jann-Christian"]
[Result "1-0"]
[WhiteElo "2447"]
[BlackElo "2224"]
[Annotator "TA"]
[PlyCount "59"]
[EventDate "2019.04.18"]
[EventType "swiss"]
[EventCountry "GER"]
[SourceTitle "playchess.com"]
[Source "ChessBase"]
[SourceQuality "1"]

1. d4 d5 2. c4 e6 3. Nf3 c6 4. e3 f5 5. Bd3 Nf6 6. O-O Bd6 7. b3 Qe7 8. Bb2 O-O 9. Qc1 b6 10. Ba3 Ne4 11. Bxd6 Qxd6 12. Nc3 Nd7 13. Ne2 Bb7 14. Qb2 c5 15. Rfd1 Qe7 16. cxd5 exd5 17. Bb5 Ndf6 18. dxc5 bxc5 19. Qe5 Qxe5 20. Nxe5 Ng4 21. Nd3 Rac8 22. Bd7 c4 23. Be6+ Kh8 24. Bxc8 Rxc8 25. bxc4 dxc4 26. Rac1 h6 27. Ndf4 Ngxf2 28. Rd7 Ba8 29. Nd4 Rb8 30. Nxf5 1-0

[Event "4th GRENKE Open 2019"]
[Site "Karlsruhe"]
[Date "2019.04.22"]
[Round "8.112"]
[White "Hoerstmann, Rudi"]
[Black "Carlstedt, Jonathan"]
[Result "1-0"]
[WhiteElo "2225"]
[BlackElo "2433"]
[Annotator "NA RC"]
[PlyCount "75"]
[EventDate "2019.04.18"]
[EventType "swiss"]
[EventCountry "GER"]
[SourceTitle "playchess.com"]
[Source "ChessBase"]
[SourceQuality "1"]

1. d4 d6 2. Nf3 g6 3. c4 Bg7 4. Nc3 Nc6 5. d5 Nb8 6. e4 Nd7 7. Be2 Nc5 8. Qc2 Nf6 9. O-O O-O 10. Be3 a5 11. b3 Bd7 12. Rac1 e6 13. dxe6 Nxe6 14. Rfd1 Ng4 15. Bd2 Ne5 16. Be3 f5 17. exf5 gxf5 18. Nd5 f4 19. Bd2 Nxf3+ 20. Bxf3 Nd4 21. Qe4 c6 22. Nxf4 Bf5 23. Qe1 Nxf3+ 24. gxf3 Qh4 25. Ne2 Rae8 26. Be3 Rf6 27. Ng3 Bc8 28. Rd4 Qh3 29. Qf1 Qxf1+ 30. Kxf1 Bh3+ 31. Ke2 Bg2 32. f4 c5 33. Rd3 Rxf4 34. Rxd6 Be5 35. Rd3 Rh4 36. Rg1 Bh3 37. Nf5+ Bg4+ 38. Rxg4+ 1-0

[Event "4th GRENKE Open 2019"]
[Site "Karlsruhe"]
[Date "2019.04.22"]
[Round "8.113"]
[White "Barp, Alberto"]
[Black "Carre, Sylvain"]
[Result "1-0"]
[WhiteElo "2424"]
[BlackElo "2224"]
[Annotator "TA"]
[PlyCount "117"]
[EventDate "2019.04.18"]
[EventType "swiss"]
[EventCountry "GER"]
[SourceTitle "playchess.com"]
[Source "ChessBase"]
[SourceQuality "1"]

1. d4 d5 2. c4 c6 3. Nf3 Nf6 4. g3 Bf5 5. Nc3 e6 6. Nh4 Bg6 7. Nxg6 hxg6 8. Qd3 Nbd7 9. Bg2 Qa5 10. O-O Qa6 11. b3 Rd8 12. c5 Qxd3 13. exd3 Be7 14. b4 Rc8 15. Bf4 O-O 16. Rac1 Ra8 17. b5 Rfc8 18. Bf3 Ne8 19. bxc6 Rxc6 20. Bd1 Rcc8 21. Ba4 Nb8 22. Rb1 Bf6 23. Rxb7 Bxd4 24. Ne2 Bf6 25. d4 Nc6 26. Bxc6 Rxc6 27. Rfb1 g5 28. Be3 e5 29. Rb8 Rc8 30. Rxa8 Rxa8 31. dxe5 Bxe5 32. Bxg5 Rc8 33. Be3 Nc7 34. Rd1 Rd8 35. Rd2 Ne6 36. Nd4 Bxd4 37. Bxd4 Rc8 38. Be3 d4 39. Bxd4 Nxd4 40. Rxd4 Rxc5 41. Rd8+ Kh7 42. Rd7 Ra5 43. Rxf7 Rxa2 44. Kg2 a5 45. Ra7 a4 46. h4 a3 47. g4 Ra1 48. h5 a2 49. g5 Kg8 50. g6 Kf8 51. Ra8+ Ke7 52. h6 Rb1 53. hxg7 a1=Q 54. Rxa1 Rb8 55. Ra7+ Ke6 56. Rf7 Rg8 57. Kg3 Ke5 58. Kg4 Ke6 59. Kg5 1-0

[Event "4th GRENKE Open 2019"]
[Site "Karlsruhe"]
[Date "2019.04.22"]
[Round "8.114"]
[White "Schwabeneder, Florian"]
[Black "Mueer, Sebastian"]
[Result "1-0"]
[WhiteElo "2422"]
[BlackElo "2213"]
[Annotator "TA"]
[PlyCount "77"]
[EventDate "2019.04.18"]
[EventType "swiss"]
[EventCountry "GER"]
[SourceTitle "playchess.com"]
[Source "ChessBase"]
[SourceQuality "1"]

1. e4 c5 2. Nf3 d6 3. c3 Nf6 4. Be2 g6 5. O-O Bg7 6. Bb5+ Nbd7 7. Re1 O-O 8. d4 a6 9. Bf1 e5 10. dxe5 Nxe5 11. Nxe5 dxe5 12. Qc2 b5 13. a4 Bb7 14. axb5 axb5 15. Rxa8 Qxa8 16. f3 Bc6 17. Na3 Qb7 18. Be3 Rc8 19. Qe2 c4 20. Nc2 Nh5 21. Nb4 f5 22. exf5 gxf5 23. Qc2 Rf8 24. Ra1 e4 25. Ra7 Qc8 26. Nxc6 Qxc6 27. fxe4 fxe4 28. Qe2 Nf6 29. Bd4 Ra8 30. Rxa8+ Qxa8 31. b3 h5 32. h3 Ne8 33. bxc4 b4 34. Bxg7 Nxg7 35. cxb4 Qb7 36. Qd2 Nf5 37. c5 e3 38. Qd8+ Kg7 39. Qg5+ 1-0